[Event "I Miedzynarodowy Memorial Ireny Warakomskiej - Open A"]
[Site "Suwalki"]
[Date "2017-08-17"]
[Round "8.12"]
[White "Kashlinskaya, Alina"]
[Black "Jakubowski, Krzysztof"]
[Result "0-1"]
[WhiteTitle ""]
[BlackTitle ""]
[WhiteElo "2440"]
[BlackElo "2515"]

1. d4 Nf6 2. c4 e6 3. Nf3 d5 4. Nc3 Nbd7 5. Bf4 dxc4 6. e3 Nd5 7. Bxc4 Nxf4 8.
exf4 Nb6 9. Bb3 Bd6 10. g3 Bd7 11. O-O O-O 12. Re1 Bc6 13. Qd3 Bxf3 14. Qxf3 c6
15. f5 exf5 16. Qxf5 Bb4 17. Rad1 Rc8 18. Re3 g6 19. Qf3 Bxc3 20. bxc3 Rc7 21.
Rde1 Nd5 22. Re5 Nf6 23. h4 Kg7 24. Qf4 h5 25. Qg5 Qd6 26. Bc2 Nh7 27. Qf4 Rd8
28. Qe3 Nf6 29. Qd3 c5 30. Rd1 cxd4 31. cxd4 Rcd7 32. Qe2 Qb6 33. Bb3 Qb4 34.
Rb5 Qa3 35. Qf3 b6 36. Qf4 Qd6 37. Re5 Qb4 38. d5 Qxf4 39. gxf4 Ng4 40. Re2 Nh6
41. Kg2 Nf5 42. Kh3 Rc7 43. Rc2 Rdc8 44. Rc6 Rxc6 45. dxc6 Rxc6 46. Rd7 Rf6 47.
Rxa7 Nd4 48. Kg3 Nf5+ 49. Kh3 Nd4 50. Kg3 Nxb3 51. axb3 Rd6 52. Re7 Rd1 53. Re5
Rg1+ 54. Kf3 Rg4 55. Rb5 Rxh4 56. Rxb6 Rh3+ 57. Kg2 Rc3 58. b4 h4 59. f3 Rc4 60.
f5 g5 61. b5 Rc2+ 62. Kg1 Rc5 63. Rb8 Rxf5 64. Kg2 Kg6 65. b6 Rb5 66. f4 Rb2+
67. Kf3 Rb3+ 68. Ke4 f5+ 69. Ke5 Rb5+ 70. Ke6 gxf4 71. b7 f3 72. Rg8+ Kh5 73.
b8=Q Rxb8 74. Rxb8 f2 75. Rb1 Kg4 76. Ke5 h3 77. Kd4 Kf3 78. Kd3 f4 79. Kd2 Kg2
80. Ke2 f3+ 81. Ke3 f1=Q 82. Ke4 0-1

[Event "I Miedzynarodowy Memorial Ireny Warakomskiej - Open A"]
[Site "Suwalki"]
[Date "2017-08-17"]
[Round "8.13"]
[White "Sagar, Shah"]
[Black "Krzyzanowski, Marcin "]
[Result "0-1"]
[WhiteTitle ""]
[BlackTitle ""]
[WhiteElo "2397"]
[BlackElo "2464"]

1. Nf3 g6 2. g3 Bg7 3. d4 Nf6 4. Bg2 O-O 5. c4 d6 6. Nc3 Nc6 7. O-O a6 8. Bf4 Rb8
9. Rc1 h6 10. h3 g5 11. Be3 g4 12. hxg4 Nxg4 13. Qd2 Nxe3 14. Qxe3 e5 15. dxe5
Re8 16. Rfd1 Nxe5 17. Nxe5 Rxe5 18. Qa7 Bd7 19. Bxb7 h5 20. b3 h4 21. Rd3 hxg3
22. fxg3 c6 23. Rxd6 Qg5 24. Kg2 Rbe8 25. Rf1 Re3 26. Rf3 Bg4 27. Rxe3 Rxe3 28.
Qb8+ Kh7 29. Bxc6 Bxc3 0-1

[Event "I Miedzynarodowy Memorial Ireny Warakomskiej - Open A"]
[Site "Suwalki"]
[Date "2017-08-17"]
[Round "8.14"]
[White "Jarmula, Lukasz"]
[Black "Grib, Roman"]
[Result "1/2-1/2"]
[WhiteTitle ""]
[BlackTitle ""]
[WhiteElo "2457"]
[BlackElo "2427"]

1. e4 e6 2. d4 d5 3. Nd2 c5 4. Ngf3 cxd4 5. Nxd4 Nc6 6. Bb5 Bd7 7. Nxc6 bxc6 8.
Bd3 Qc7 9. O-O Bd6 10. Nf3 Nf6 11. Qe2 dxe4 12. Bxe4 O-O 13. Rd1 h6 14. b3 e5
15. Bb2 Bg4 16. h3 Bh5 17. Bf5 Rae8 18. g4 Bg6 19. Nh4 Bxf5 20. Nxf5 Bc5 21. c4
Kh7 22. Kh1 g6 23. Ng3 Bd4 24. Bxd4 exd4 25. Qf3 Qd6 26. c5 Qe5 27. Qxc6 Re6 28.
Qf3 Qxc5 29. Rac1 Qe5 30. Rc2 Kg7 31. Re2 Qc5 32. Red2 Rd8 33. Qf4 Red6 34. Rd3
Qc2 35. Rxd4 Qxd1+ 36. Rxd1 Rxd1+ 37. Kg2 R8d4 1/2-1/2

[Event "I Miedzynarodowy Memorial Ireny Warakomskiej - Open A"]
[Site "Suwalki"]
[Date "2017-08-17"]
[Round "8.15"]
[White "Zawadzka, Jolanta"]
[Black "Wisniewski, Michal "]
[Result "1-0"]
[WhiteTitle ""]
[BlackTitle ""]
[WhiteElo "2420"]
[BlackElo "2180"]

1. e4 c5 2. Nf3 d6 3. Bb5+ Nc6 4. O-O Bd7 5. Re1 Nf6 6. h3 a6 7. Bf1 e6 8. c3 Be7
9. d4 cxd4 10. cxd4 d5 11. e5 Ne4 12. Nbd2 Nxd2 13. Bxd2 Qb6 14. Bc3 g5 15. Qd2
Rg8 16. Nh2 h5 17. Be2 g4 18. hxg4 hxg4 19. Nxg4 O-O-O 20. g3 Rg6 21. Kg2 Rdg8
22. Ne3 f6 23. exf6 Bxf6 24. Rad1 Qc7 25. Nf1 Kb8 26. Bh5 Bg5 27. Qe2 Rh6 28.
Bg4 Qc8 29. Nh2 Rgh8 30. Rh1 Bf6 31. Nf3 Rxh1 32. Rxh1 Rxh1 33. Kxh1 Qh8+ 34.
Kg1 Nxd4 35. Bxd4 Bxd4 36. Bxe6 Bc6 37. Qd2 Bb6 38. Qf4+ Ka8 39. Qe5 Qe8 40. Bf5
Qxe5 41. Nxe5 Bd4 42. Nd3 Bb5 43. b3 Bxd3 44. Bxd3 Kb8 45. Kg2 Kc7 46. f4 Kd6
47. Kf3 Bg7 48. g4 Bb2 49. g5 Ke6 50. Kg4 a5 51. f5+ Ke5 52. Kh5 Kd6 53. Kg6 Ke7
54. f6+ Ke6 55. Bf5+ Ke5 56. b4 Ba3 57. bxa5 d4 58. Bc2 Bb4 59. Kg7 1-0

[Event "I Miedzynarodowy Memorial Ireny Warakomskiej - Open A"]
[Site "Suwalki"]
[Date "2017-08-17"]
[Round "8.16"]
[White "Plichta, Kamil "]
[Black "Molenda, Marcin"]
[Result "1/2-1/2"]
[WhiteTitle ""]
[BlackTitle ""]
[WhiteElo "2341"]
[BlackElo "2420"]

1. e4 c5 2. Nf3 e6 3. d3 Nc6 4. g3 g6 5. Bg2 Bg7 6. O-O Nge7 7. Nbd2 O-O 8. Re1
d6 9. a4 b6 10. h4 h5 11. c3 Qc7 12. Nc4 Ne5 13. a5 b5 14. Ncxe5 dxe5 15. Be3
Rd8 16. Qc2 Rb8 17. Rec1 Rd7 18. b4 cxb4 19. cxb4 Qxc2 20. Rxc2 a6 21. Bf1 Bb7
22. Rac1 Rc8 23. Rxc8+ Nxc8 24. Nd2 Bf8 25. Bc5 Bxc5 26. Rxc5 Ne7 27. Nf3 f6 28.
Ne1 Nc6 29. Nc2 Kf7 30. f3 Ke7 31. Kf2 Kd6 32. Rc3 g5 33. Be2 Rg7 34. Rb3 Rc7
35. Rc3 Rg7 36. Rb3 Bc8 37. Rb1 Bd7 38. Rd1 Kc7 39. Rc1 Kd6 40. Rd1 Kc7 41. hxg5
fxg5 42. Rh1 Be8 43. Ke3 Kd6 44. Rb1 Rc7 45. Kd2 Rh7 46. Ke3 Rc7 1/2-1/2

[Event "I Miedzynarodowy Memorial Ireny Warakomskiej - Open A"]
[Site "Suwalki"]
[Date "2017-08-17"]
[Round "8.17"]
[White "Almasi, Istvan "]
[Black "Bugalski, Michal "]
[Result "1-0"]
[WhiteTitle ""]
[BlackTitle ""]
[WhiteElo "2408"]
[BlackElo "2250"]

1. c4 Nf6 2. g3 e5 3. Bg2 g6 4. Nc3 Bg7 5. e3 O-O 6. Nge2 Re8 7. O-O Nc6 8. d3
Ne7 9. Qb3 c6 10. e4 d6 11. h3 Nd7 12. Be3 Nc5 13. Qc2 Ne6 14. Rae1 Nd4 15. Qc1
Be6 16. Bg5 Qd7 17. Kh2 f5 18. Nxd4 exd4 19. Ne2 Rac8 20. b3 b5 21. c5 fxe4 22.
Nf4 d5 23. Nxe6 Qxe6 24. dxe4 dxe4 25. Rxe4 Qd7 26. Rfe1 Nf5 27. Rxe8+ Rxe8 28.
Rxe8+ Qxe8 29. Qh1 h6 30. Bxc6 Qe2 31. Bf4 d3 32. Qf3 Nd4 33. Bd5+ Kh7 34. Qe3
Nc2 35. Qf3 Nd4 36. Qxe2 dxe2 37. Bd2 Nc2 38. c6 Be5 39. Be4 e1=Q 40. Bxe1 Nxe1
41. Kg1 Kg7 42. Kf1 Kf6 43. Kxe1 g5 44. Bd3 b4 45. Ke2 Bc7 46. Ke3 Bb6+ 47. Ke4
Ke6 48. f4 gxf4 49. Kxf4 Bc7+ 50. Kf3 Kd5 51. Be4+ Ke5 52. g4 Ke6 53. Ke3 Be5
54. Kd3 Kd6 55. Kc4 Bc3 56. Kb5 Be1 57. Ka6 Kc7 58. Kxa7 Bh4 59. Ka6 Be7 60. Kb5
Bf8 61. Kc4 Kd6 62. Kxb4 1-0

[Event "I Miedzynarodowy Memorial Ireny Warakomskiej - Open A"]
[Site "Suwalki"]
[Date "2017-08-17"]
[Round "8.20"]
[White "Walter, Szymon "]
[Black "Goluch, Piotr"]
[Result "1/2-1/2"]
[WhiteTitle ""]
[BlackTitle ""]
[WhiteElo "2194"]
[BlackElo "2360"]

1. e4 c6 2. d4 d5 3. Nc3 dxe4 4. Nxe4 Nd7 5. Nf3 Ngf6 6. Nxf6+ Nxf6 7. Ne5 Bf5
8. Bc4 e6 9. O-O Bd6 10. Qe2 Qc7 11. c3 O-O 12. Bf4 Rad8 13. Rad1 Rfe8 14. Rfe1
Nd5 15. Bg3 f6 16. Nf3 Bg6 17. Bd3 Nf4 18. Bxf4 Bxf4 19. g3 Bd6 20. Bxg6 hxg6
21. Qe4 g5 22. Kg2 Qa5 23. Qg6 Qxa2 24. d5 e5 25. dxc6 Qf7 26. Qxf7+ Kxf7 27.
cxb7 Bb8 28. Nd2 Rd7 29. Ne4 Rxb7 30. b4 g4 31. Rd5 Rbe7 32. Red1 f5 33. Nc5 g6
34. Na6 e4 35. c4 e3 36. fxe3 Rxe3 37. Rd7+ Kf6 38. Nxb8 Rxb8 39. R1d6+ Re6 40.
b5 Rc8 41. Rxe6+ Kxe6 42. Rxa7 Rxc4 43. Ra6+ Kf7 44. Ra7+ Kf6 45. Ra6+ Kg5 46.
Rc6 Rb4 47. b6 Rb2+ 48. Kg1 Kh5 49. Re6 Kh6 50. Rc6 Rb1+ 51. Kf2 Rb3 52. Rd6 Kg7
53. Rc6 g5 54. Rd6 Rb4 55. Rc6 f4 56. Rd6 Kf7 57. Rh6 Rb2+ 58. Kg1 Kg7 59. Rc6
Rb1+ 60. Kf2 f3 61. Rc7+ Kf6 62. b7 Rb2+ 63. Kf1 Kg6 1/2-1/2

[Event "I Miedzynarodowy Memorial Ireny Warakomskiej - Open A"]
[Site "Suwalki"]
[Date "2017-08-17"]
[Round "8.21"]
[White "Kulon, Klaudia "]
[Black "Juhasz, Barbara"]
[Result "1-0"]
[WhiteTitle ""]
[BlackTitle ""]
[WhiteElo "2359"]
[BlackElo "2200"]

1. c4 Nf6 2. g3 g6 3. Bg2 Bg7 4. Nc3 O-O 5. e3 d6 6. Nge2 e5 7. O-O Nbd7 8. b4
Re8 9. d3 a5 10. b5 Nc5 11. Ba3 Rb8 12. Na4 b6 13. Nxc5 dxc5 14. Bb2 Qe7 15. h3
Bb7 16. Qc2 Bxg2 17. Kxg2 Rbd8 18. Rad1 h5 19. e4 h4 20. Bc1 Nh7 21. Nc3 f5 22.
Nd5 Qf7 23. Qe2 Nf6 24. Bg5 Nxd5 25. exd5 Bf6 26. gxh4 e4 27. Qd2 exd3 28. Rfe1
Re4 29. Qxd3 Rd4 30. Qc2 Bxg5 31. hxg5 Re8 32. f3 Rxd1 33. Qxd1 Kf8 34. Qa1 Rxe1
35. Qxe1 Qg7 36. Qe6 Qb2+ 37. Kg3 Qd4 38. Qc8+ Kf7 39. Qxc7+ Ke8 40. Qc6+ 1-0

[Event "I Miedzynarodowy Memorial Ireny Warakomskiej - Open A"]
[Site "Suwalki"]
[Date "2017-08-17"]
[Round "8.23"]
[White "Lewtak, Damian "]
[Black "Dzhuguryan, Tygran "]
[Result "1-0"]
[WhiteTitle ""]
[BlackTitle ""]
[WhiteElo "2344"]
[BlackElo "2230"]

1. g3 Nf6 2. d4 c6 3. Bg2 d5 4. Nf3 Bf5 5. O-O h6 6. c4 e6 7. Nc3 Be7 8. Qb3 Qb6
9. c5 Qc7 10. Bf4 Qc8 11. Qa4 Ne4 12. Nd2 e5 13. Ndxe4 exf4 14. Nxd5 Bxe4 15.
Bxe4 fxg3 16. hxg3 Bd8 17. Nb6 Bxb6 18. cxb6 O-O 19. d5 cxd5 20. Bxd5 Nc6 21.
bxa7 Rxa7 22. Qc4 Qd7 23. Rfd1 Qe7 24. Rd2 Ra6 25. Rad1 Qf6 26. Qe4 Rb6 27. b3
Rb4 28. Qf3 Qg6 29. a3 Rb6 30. Qe3 Ra6 31. b4 Raa8 32. Be4 Qf6 33. b5 Na5 34.
Bd5 Rae8 35. Qd3 Rd8 36. Rc2 Rd7 37. e4 Rfd8 38. Rdc1 g5 39. Qc3 Qxc3 40. Rxc3
b6 41. Rc8 Rxc8 42. Rxc8+ Kg7 43. Kg2 g4 44. Ra8 f5 45. Be6 1-0

[Event "I Miedzynarodowy Memorial Ireny Warakomskiej - Open A"]
[Site "Suwalki"]
[Date "2017-08-17"]
[Round "8.24"]
[White "Koziol, Kamil"]
[Black "Tomaszewski, Kacper"]
[Result "1/2-1/2"]
[WhiteTitle ""]
[BlackTitle ""]
[WhiteElo "2321"]
[BlackElo "2203"]

1. e4 c6 2. d4 d5 3. e5 Bf5 4. Nf3 e6 5. Be2 Nd7 6. O-O Ne7 7. Nbd2 h6 8. Nb3 Qc7
9. Ne1 c5 10. c3 Nc6 11. f4 Be7 12. Be3 O-O-O 13. Bg4 g6 14. Bxf5 gxf5 15. Nxc5
Nxc5 16. dxc5 d4 17. cxd4 Nxd4 18. Nf3 Nc6 19. Qe2 Rd5 20. Rfc1 Rhd8 21. Rab1
a5 22. a3 a4 23. Qb5 Qa5 24. Qxa5 Nxa5 25. c6 Nxc6 26. Rc4 Rd1+ 27. Rxd1 Rxd1+
28. Kf2 Rd3 29. Nd4 Kd7 30. Nxc6 bxc6 31. Rxa4 c5 32. Ra7+ Ke8 33. Ra8+ Kd7 34.
Ra7+ Ke8 35. Rb7 c4 36. Ke2 Rd5 37. Rc7 f6 38. Rxc4 fxe5 39. fxe5 Rxe5 40. Kf3
h5 41. b4 Rd5 42. a4 e5 43. a5 Rd3 44. a6 f4 45. a7 Rxe3+ 46. Kf2 Bh4+ 47. g3
Ra3 48. Rc8+ Kd7 49. a8=Q fxg3+ 50. hxg3 Bxg3+ 51. Kg2 Rxa8 52. Rxa8 h4 53. Kf3
Kc6 54. Ke4 h3 55. Rh8 h2 56. Kd3 Kb5 57. Kc3 Bf4 58. Rh5 Bg3 59. Kb3 Bf4 60.
Rh8 Bg3 61. Rb8+ Kc6 1/2-1/2

[Event "I Miedzynarodowy Memorial Ireny Warakomskiej - Open A"]
[Site "Suwalki"]
[Date "2017-08-17"]
[Round "8.25"]
[White "Mokal, Amruta Sunil"]
[Black "Paszewski, Mateusz "]
[Result "1/2-1/2"]
[WhiteTitle ""]
[BlackTitle ""]
[WhiteElo "2047"]
[BlackElo "2321"]

1. e4 c5 2. Nc3 Nc6 3. g3 g6 4. Bg2 Bg7 5. d3 d6 6. Be3 Rb8 7. Nge2 Nd4 8. O-O
b5 9. b4 Bd7 10. Rb1 e6 11. Qd2 a5 12. a3 Ne7 13. Bg5 axb4 14. axb4 h6 15. Be3
Nec6 16. bxc5 dxc5 17. f4 b4 18. Nd1 Qa5 19. Nc1 e5 20. Nb2 Rd8 21. f5 Qc7 22.
f6 1/2-1/2

[Event "I Miedzynarodowy Memorial Ireny Warakomskiej - Open A"]
[Site "Suwalki"]
[Date "2017-08-17"]
[Round "8.26"]
[White "Bartel, Marta"]
[Black "Chomczyk, Marek"]
[Result "1-0"]
[WhiteTitle ""]
[BlackTitle ""]
[WhiteElo "2313"]
[BlackElo "2138"]

1. Nf3 Nf6 2. g3 d5 3. Bg2 e6 4. O-O Be7 5. d3 O-O 6. Nbd2 c5 7. e4 Nc6 8. Re1
dxe4 9. dxe4 e5 10. c3 Be6 11. Qe2 Qc7 12. Nh4 g6 13. Nc4 Rfe8 14. h3 Rad8 15.
Bh6 Rd7 16. Nf3 b5 17. Ncd2 c4 18. Ng5 Bc5 19. Nf1 Rd3 20. Rad1 Qb6 21. Rxd3 cxd3
22. Qf3 Nh5 23. b4 Bf8 24. Nxe6 Bxh6 25. Nc5 d2 26. Rd1 Rd8 27. Ne3 Ne7 28. Qe2
Qd6 29. Bf1 Qf6 30. Rxd2 Rxd2 31. Qxd2 Nxg3 32. Qd8+ Kg7 33. Nd7 Ne2+ 34. Bxe2
Qg5+ 35. Kf1 Ng8 36. Qxg5 1-0

[Event "I Miedzynarodowy Memorial Ireny Warakomskiej - Open A"]
[Site "Suwalki"]
[Date "2017-08-17"]
[Round "8.27"]
[White "Nowak, Lukasz"]
[Black "Krzywda, Andrzej "]
[Result "1-0"]
[WhiteTitle ""]
[BlackTitle ""]
[WhiteElo "2307"]
[BlackElo "2173"]

1. e4 c5 2. Nf3 d6 3. d4 cxd4 4. Nxd4 Nf6 5. Nc3 a6 6. h3 e6 7. g4 Be7 8. g5 Nfd7
9. h4 b5 10. a3 Bb7 11. Be3 Nc6 12. Rg1 Rc8 13. f4 Nxd4 14. Qxd4 e5 15. Qd2 exf4
16. Bxf4 Ne5 17. Rg3 O-O 18. O-O-O Re8 19. h5 Bf8 20. Bh3 Rc4 21. g6 fxg6 22.
hxg6 b4 23. axb4 Rxb4 24. Qh2 Nxg6 25. Rh1 Bxe4 26. Nxe4 Rbxe4 27. Bd2 Qf6 28.
Bg4 h6 29. Rf3 Qe5 30. Qg2 Nh4 31. Rxf8+ Rxf8 32. Rxh4 Re1+ 33. Bd1 Rxd1+ 34.
Kxd1 Qxb2 35. Qd5+ Kh7 36. Qd3+ Kh8 37. Rxh6+ Kg8 38. Qd5+ Rf7 39. Rxd6 Qb1+ 40.
Bc1 Qb4 41. Rd8+ Kh7 42. Qh5# 1-0

[Event "I Miedzynarodowy Memorial Ireny Warakomskiej - Open A"]
[Site "Suwalki"]
[Date "2017-08-17"]
[Round "8.28"]
[White "Dzierzak, Radoslaw "]
[Black "Wozniak, Mariola "]
[Result "1-0"]
[WhiteTitle ""]
[BlackTitle ""]
[WhiteElo "2276"]
[BlackElo "2181"]

1. e4 c5 2. Nf3 d6 3. Bb5+ Bd7 4. Bxd7+ Qxd7 5. O-O Nf6 6. e5 dxe5 7. Nxe5 Qc7
8. d4 e6 9. Bf4 Bd6 10. Na3 Bxe5 11. dxe5 Nd5 12. Nb5 Qd7 13. Nd6+ Kf8 14. Bg3
Nc6 15. c4 Nde7 16. Qh5 Nf5 17. Nxf5 exf5 18. Rfd1 Nd4 19. b4 b6 20. bxc5 bxc5
21. f4 h6 22. Bf2 g6 23. Qh4 Kg7 24. Qf6+ Kh7 25. Bxd4 cxd4 26. e6 Qxe6 27. Qxe6
fxe6 28. Rxd4 Rhc8 29. Rd7+ Kg8 30. Rc1 Rc5 31. Rb1 Rxc4 32. Rbb7 Rac8 33. h3
Rxf4 34. Rg7+ Kf8 35. Rh7 Kg8 36. Rbg7+ Kf8 37. Rxa7 Kg8 38. Rxh6 e5 39. Rxg6+
Kf8 40. Rf6+ Kg8 41. Raf7 Ra4 42. Rxf5 Re8 43. Rf2 Rxa2 44. Rf8+ Rxf8 45. Rxa2
Kg7 46. Ra6 Rb8 47. Kf2 Rb3 48. Re6 Rb5 49. Kg3 Kf7 50. Ra6 Rb4 51. h4 Rc4 52.
h5 Kg7 53. Rg6+ Kh7 54. Re6 Re4 55. Kh3 Kg7 56. g4 Kf7 57. Ra6 Re1 58. Kh4 e4
59. Kg5 e3 60. Rf6+ Kg7 61. h6+ 1-0

[Event "I Miedzynarodowy Memorial Ireny Warakomskiej - Open A"]
[Site "Suwalki"]
[Date "2017-08-17"]
[Round "8.29"]
[White "Zielinski, Wojciech"]
[Black "Polok, Kacper"]
[Result "1/2-1/2"]
[WhiteTitle ""]
[BlackTitle ""]
[WhiteElo "2105"]
[BlackElo "2249"]

1. Nf3 Nf6 2. b3 d6 3. Bb2 e5 4. e3 Be7 5. d4 e4 6. Nfd2 d5 7. c4 c6 8. Be2 O-O
9. O-O Bd6 10. Ba3 Bxa3 11. Nxa3 Qd6 12. Qc1 Bg4 13. Re1 Bxe2 14. Rxe2 Nbd7 15.
Qb2 a6 16. Rc1 Ng4 17. Nf1 f5 18. cxd5 cxd5 19. h3 Nh6 20. Nb1 g5 21. Qa3 Qe6
22. Rc7 Rac8 23. Rec2 Rxc7 24. Rxc7 f4 25. Qc1 f3 26. Rc8 fxg2 27. Rxf8+ Nxf8
28. Kxg2 Ng6 29. Qc7 Nh4+ 30. Kh2 Nf3+ 31. Kg2 Nf5 32. Ng3 N3h4+ 33. Kh2 Nxg3
34. Qxg3 Nf3+ 35. Kg2 Qc6 36. Qb8+ Kf7 37. Qd8 h6 38. Nc3 Nh4+ 39. Kh2 Nf3+ 40.
Kg2 Nh4+ 41. Kh2 Qxc3 42. Qd7+ Kf6 43. Qd6+ Kf7 44. Qd7+ Kg6 45. Qe6+ Kg7 1/2-1/2

[Event "I Miedzynarodowy Memorial Ireny Warakomskiej - Open A"]
[Site "Suwalki"]
[Date "2017-08-17"]
[Round "8.30"]
[White "Ocytko, Andrzej"]
[Black "Scripcaru, George-daniel "]
[Result "1/2-1/2"]
[WhiteTitle ""]
[BlackTitle ""]
[WhiteElo "2127"]
[BlackElo "2247"]

1. d4 d5 2. Bf4 Nf6 3. e3 e6 4. Nf3 Bd6 5. Bg3 O-O 6. Nbd2 c5 7. c3 b6 8. Bd3 Ba6
9. Bxa6 Nxa6 10. Qe2 Nb8 11. Ne5 Qc7 12. f4 Nc6 13. O-O Nd7 14. Rad1 f6 15. Nxc6
Qxc6 16. a3 Rae8 17. Nf3 Bb8 18. Qd2 b5 19. b3 Nb6 20. Bf2 c4 21. b4 Nc8 22. Qc2
Nd6 23. a4 a6 24. axb5 axb5 25. Ra1 Bc7 26. Ra2 Ra8 27. Rfa1 Ne4 28. Be1 Qb7 29.
Nd2 Rxa2 30. Rxa2 Nxd2 31. Qxd2 Ra8 32. Qc2 Ra6 33. h3 Qa8 34. Rxa6 Qxa6 35. e4
Qa1 36. Qe2 Kf7 37. exd5 exd5 38. Qh5+ Kf8 39. Kf1 Qb1 40. Qxd5 Qd3+ 41. Kf2 Bxf4
42. Qd8+ Kf7 43. Qd7+ Kg6 44. Qg4+ Bg5 45. Qf3 h5 46. g3 Bc1 47. Kg2 Qc2+ 48.
Kf1 f5 49. Qc6+ Kg5 50. Qf3 Qe4 51. Qxe4 fxe4 52. Ke2 e3 53. Kd1 Bb2 54. Ke2 Bc1
55. Kd1 Ba3 56. Ke2 1/2-1/2

[Event "I Miedzynarodowy Memorial Ireny Warakomskiej - Open A"]
[Site "Suwalki"]
[Date "2017-08-17"]
[Round "8.31"]
[White "Dmochowska, Agnieszka"]
[Black "Okrucinski, Tadeusz"]
[Result "0-1"]
[WhiteTitle ""]
[BlackTitle ""]
[WhiteElo "2234"]
[BlackElo "2244"]

1. e4 c5 2. c3 Nf6 3. e5 Nd5 4. Nf3 d6 5. Bc4 e6 6. d4 Be7 7. O-O O-O 8. exd6 Qxd6
9. Re1 Nc6 10. Bb3 cxd4 11. cxd4 Nf6 12. Nc3 Rd8 13. Be3 Nb4 14. Ne5 Nbd5 15.
Qf3 Bd7 16. Ne4 Qb6 17. Nxf6+ Bxf6 18. Bxd5 exd5 19. Bg5 Bb5 20. a4 Be8 21. a5
Qd6 22. Bxf6 Qxf6 23. Qb3 Qd6 24. Nd3 Rab8 25. Rac1 b6 26. a6 Bd7 27. Nb4 Bb5
28. Qc3 Rd7 29. Re5 Bc4 30. b3 f6 31. bxc4 fxe5 32. c5 exd4 33. cxd6 dxc3 34.
Rxc3 Rxd6 35. Rc7 d4 36. Nd3 Ra8 37. Kf1 b5 38. Nb4 d3 39. Ke1 d2+ 40. Kd1 Re8
41. Nc2 Rxa6 42. Kxd2 Ra2 43. Kd3 a5 44. Rb7 Rd8+ 45. Nd4 Ra4 0-1

[Event "I Miedzynarodowy Memorial Ireny Warakomskiej - Open A"]
[Site "Suwalki"]
[Date "2017-08-17"]
[Round "8.32"]
[White "Zochowski, Kacper"]
[Black "Smolka, Marcin "]
[Result "1-0"]
[WhiteTitle ""]
[BlackTitle ""]
[WhiteElo "2239"]
[BlackElo "2133"]

1. c4 c5 2. g3 g6 3. Bg2 Bg7 4. Nc3 e5 5. Nf3 Ne7 6. O-O Nbc6 7. a3 O-O 8. Rb1
a5 9. Ne1 d6 10. Nc2 Be6 11. d3 d5 12. cxd5 Nxd5 13. Ne3 Nce7 14. Nc4 Rb8 15.
Bd2 a4 16. Nxa4 b5 17. Nxc5 bxc4 18. Nxe6 fxe6 19. dxc4 Nc7 20. Bb4 Bf6 21. Qa4
Qd4 22. Qa5 Rfc8 23. e3 Qb6 24. Qxb6 Rxb6 25. Rfc1 Na6 26. Bxe7 Bxe7 27. b4 Rbb8
28. Rd1 Kf8 29. Rbc1 Kf7 30. Bf3 Kf8 31. Kg2 Kf7 32. h4 h5 33. Be4 Kf6 34. Kf3
Kf7 35. Ke2 Nxb4 36. axb4 Rxb4 37. Rd7 Rbxc4 38. Rxc4 Rxc4 39. Bxg6+ Kxg6 40.
Rxe7 Kf6 41. Rd7 Ra4 42. Kf3 Rb4 43. Rd8 e4+ 44. Kg2 Rb5 45. Rf8+ Ke5 46. Kh3
Rd5 47. Rf4 Rd8 48. g4 hxg4+ 49. Rxg4 Rf8 50. Kg3 Rf3+ 51. Kg2 Rf5 52. Rg8 Kd6
53. Rg5 Rf7 54. h5 Ke7 55. Rg4 Rh7 56. Rh4 Kf6 57. Kg3 e5 58. h6 Rh8 59. h7 Kf5
60. Rh5+ Kg6 61. Rxe5 1-0

[Event "I Miedzynarodowy Memorial Ireny Warakomskiej - Open A"]
[Site "Suwalki"]
[Date "2017-08-17"]
[Round "8.33"]
[White "Teglas, Balazs "]
[Black "Zaika, Daniil"]
[Result "1-0"]
[WhiteTitle ""]
[BlackTitle ""]
[WhiteElo "2238"]
[BlackElo "2101"]

1. Nf3 d5 2. c4 e6 3. g3 Nf6 4. Bg2 c5 5. O-O Nc6 6. d4 dxc4 7. Qa4 Bd7 8. Qxc4
b5 9. Qc3 Qb6 10. Be3 Nd5 11. dxc5 Nxc3 12. cxb6 Nd5 13. Nd4 axb6 14. Bxd5 exd5
15. Nxb5 Rc8 16. Bxb6 Nb4 17. Nc7+ Ke7 18. Nc3 Kd6 19. a3 d4 20. N7b5+ Ke7 21.
Nxd4 1-0

[Event "I Miedzynarodowy Memorial Ireny Warakomskiej - Open A"]
[Site "Suwalki"]
[Date "2017-08-17"]
[Round "8.34"]
[White "Bukojemski, Adam "]
[Black "Zakrzewski, Marek"]
[Result "1/2-1/2"]
[WhiteTitle ""]
[BlackTitle ""]
[WhiteElo "2183"]
[BlackElo "2237"]

1. e4 c5 2. Nf3 e6 3. d4 cxd4 4. Nxd4 Nc6 5. Nc3 Qc7 6. Be3 a6 7. Bd3 Nf6 8. O-O
b5 9. a3 Bb7 10. Kh1 Be7 11. f4 d6 12. Qe1 O-O 13. Qg3 Rad8 14. Nf3 Na5 15. f5
e5 16. Bh6 Ne8 17. f6 Bxf6 18. Nd5 Bxd5 19. exd5 g6 20. Bxf8 Kxf8 21. Ng5 Bxg5
22. Qxg5 Nc4 23. Rf3 f6 24. Raf1 Kg8 25. Rxf6 Nxf6 26. Qxf6 e4 27. Bxc4 bxc4 28.
Qe6+ Kg7 29. Qxe4 Rd7 30. Re1 Qc5 31. Qf3 Rf7 32. Qc3+ Kh6 33. Qh3+ Kg7 34. Qc3+
Kh6 35. Qd2+ Kg7 36. h3 Rf2 37. Qc3+ Kh6 38. Kh2 Rf5 39. Re7 Qxd5 40. Qg7+ Kg5
41. Re3 Rf7 1/2-1/2

[Event "I Miedzynarodowy Memorial Ireny Warakomskiej - Open A"]
[Site "Suwalki"]
[Date "2017-08-17"]
[Round "8.35"]
[White "Czajkowski, Adam "]
[Black "Chojnowski, Marcin "]
[Result "1-0"]
[WhiteTitle ""]
[BlackTitle ""]
[WhiteElo "2223"]
[BlackElo "2070"]

1. e4 c5 2. Ne2 a6 3. g3 b5 4. Bg2 Bb7 5. O-O d6 6. f4 Nf6 7. d3 e6 8. Nd2 Qc7
9. h3 Be7 10. Nf3 Nbd7 11. g4 h6 12. a4 d5 13. e5 Nh7 14. axb5 axb5 15. Rxa8+
Bxa8 16. Ng3 O-O 17. Qe2 d4 18. Ne4 b4 19. h4 f6 20. exf6 gxf6 21. f5 exf5 22.
gxf5 Kh8 23. Bxh6 Rg8 24. Neg5 Nxg5 25. hxg5 Bf8 26. Bxf8 Nxf8 27. g6 Qb6 28.
Ng5 fxg5 29. f6 Nxg6 30. f7 Kg7 31. Qh5 Rh8 32. f8=Q+ 1-0

[Event "I Miedzynarodowy Memorial Ireny Warakomskiej - Open A"]
[Site "Suwalki"]
[Date "2017-08-17"]
[Round "8.36"]
[White "Kyrychenko, Maryan "]
[Black "Sowul, Bartosz "]
[Result "0-1"]
[WhiteTitle ""]
[BlackTitle ""]
[WhiteElo "2219"]
[BlackElo "2183"]

1. e4 c5 2. Nc3 g6 3. f4 Bg7 4. Nf3 Nc6 5. Bb5 Nd4 6. O-O Nxb5 7. Nxb5 Nf6 8. d3
O-O 9. Qe1 d5 10. e5 Ng4 11. Kh1 d4 12. a4 Bd7 13. b3 a6 14. Na3 b5 15. axb5 axb5
16. Bd2 Ra6 17. c4 dxc3 18. Bxc3 Bf5 19. h3 Nh6 20. Nxb5 Rxa1 21. Qxa1 Qxd3 22.
Nc7 Rd8 23. Rf2 Qd1+ 24. Qxd1 Rxd1+ 25. Ne1 f6 26. e6 Rc1 27. Bd2 Rb1 28. Rf3
Be4 29. Rc3 Rd1 30. Re3 Nf5 0-1

[Event "I Miedzynarodowy Memorial Ireny Warakomskiej - Open A"]
[Site "Suwalki"]
[Date "2017-08-17"]
[Round "8.37"]
[White "Jakubiec, Edyta"]
[Black "Mucha, Piotr "]
[Result "0-1"]
[WhiteTitle ""]
[BlackTitle ""]
[WhiteElo "2212"]
[BlackElo "2155"]

1. e4 e6 2. d4 d5 3. Nc3 Bb4 4. exd5 exd5 5. Bd3 Nc6 6. Nge2 Nge7 7. a3 Bxc3+ 8.
bxc3 Bf5 9. c4 O-O 10. O-O dxc4 11. Bxc4 Nd5 12. Bb2 Re8 13. Ng3 Bg6 14. Ba2 Nf4
15. d5 Ne5 16. Qd4 Qh4 17. Rfe1 f6 18. d6+ Kh8 19. d7 Red8 20. Rxe5 fxe5 21. Qxe5
Rxd7 22. Re1 Rf8 23. Qc5 Qd8 24. Nf1 b6 25. Qc3 Re8 26. Ne3 Be4 27. f3 Bxf3 28.
Bc4 Qg5 0-1

[Event "I Miedzynarodowy Memorial Ireny Warakomskiej - Open A"]
[Site "Suwalki"]
[Date "2017-08-17"]
[Round "8.38"]
[White "Stachanczyk, Jacek "]
[Black "Walkusz, Witoslaw"]
[Result "1/2-1/2"]
[WhiteTitle ""]
[BlackTitle ""]
[WhiteElo "2209"]
[BlackElo "2115"]

1. c4 f5 2. g3 Nf6 3. Bg2 g6 4. Nc3 Bg7 5. d3 O-O 6. e4 fxe4 7. dxe4 e5 8. Nge2
d6 9. O-O Be6 10. Nd5 a5 11. Bg5 Nbd7 12. Qd2 Nc5 13. f3 Qd7 14. b3 Ne8 15. Rab1
Bh3 16. a3 Bxg2 17. Kxg2 Ne6 18. Be3 Rf7 19. Nec3 Qd8 20. Ne2 Ra6 21. h4 c6 22.
Ndc3 N8c7 23. Rbd1 Rd7 24. Rh1 d5 25. cxd5 cxd5 26. Nxd5 Nxd5 27. exd5 Nd4 28.
Bxd4 exd4 29. Nf4 Bh6 30. Qxd4 Rad6 31. Rhe1 Bxf4 32. Qxf4 Rxd5 33. Rxd5 Rxd5
34. Re2 Qd7 35. g4 b5 36. Kg3 Rd3 37. Qb8+ Kg7 38. Qe5+ Kg8 39. Rc2 Rxf3+ 40.
Kxf3 1/2-1/2